|
|
|
|
| LEADER |
00000cam a2200000 a 4500 |
| 001 |
vtls001420048 |
| 003 |
SK-MaSNL |
| 005 |
20260302072400.0 |
| 008 |
251113s2001 gw a r 00000 ger |
| 020 |
|
|
|a 386057891X
|
| 035 |
|
|
|a SNK000374882
|
| 040 |
|
|
|a SNK
|b slo
|c SNK
|e AACR2
|
| 041 |
1 |
|
|a ger
|h spa
|
| 044 |
|
|
|a gw
|c DE
|
| 080 |
|
|
|a 800:372.880(4=00)
|2 1981
|
| 080 |
|
|
|a 372.880(4=00)
|2 1981
|
| 100 |
1 |
|
|a Siguan, Miquel,
|d 1918-2010
|4 aut
|9 714235
|
| 240 |
1 |
3 |
|a La Europa de las lenguas
|l Nemecky
|
| 245 |
1 |
4 |
|a Die Sprachen im vereinten Europa
|c Miquel Siguan ; aus dem Spanischen übersetzt von Silvia Parra Belmonte ; mit einem Geleitwort von Albert Raasch
|
| 260 |
|
|
|a Tübingen
|b Stauffenburg
|c c2001
|
| 300 |
|
|
|a 188 s.
|c 23 cm
|
| 490 |
1 |
|
|a Stauffenburg Aktuell
|x 1439-2224
|
| 650 |
0 |
7 |
|a jazyky
|2 SNKPH
|9 51577
|
| 650 |
0 |
7 |
|a multikultúrnosť
|2 SNKPH
|9 472324
|
| 650 |
0 |
7 |
|a európske jazyky
|2 SNKPH
|9 66749
|
| 651 |
|
7 |
|a Európa
|2 SNKPHgeo
|9 167569
|
| 655 |
|
7 |
|a štúdie
|2 SNKPH
|9 57033
|
| 700 |
1 |
|
|a Parra Belmonte, Silvia
|4 trl
|9 735418
|
| 700 |
1 |
|
|a Raasch, Albert
|4 aui
|9 638118
|
| 830 |
|
0 |
|a Stauffenburg Aktuell
|9 467084
|
| 852 |
|
|
|a Slovenská národná knižnica
|
| 919 |
|
|
|a 3-86057-891-X
|
| 999 |
|
|
|c 1156237
|d 1158167
|
| 952 |
|
|
|t P60, <04>, [BOOK], {604}
|a SNK
|b SNK
|y VYP
|7 0
|p 17A0312301
|o snkIC 129656
|i snkV 1297/2001
|0 0
|1 0
|4 0
|d 2001-09-18
|l 0
|r 2005-01-02 00:00:00
|w 2026-02-24
|